[Event "World Cup 2023 Open"]
[Site "Baku, Azerbaijan"]
[Date "2023.08.02"]
[Round "11.2"]
[White "Nakamura Hikaru (USA)"]
[Black "Karthik Venkataraman (IND)"]
[Result "1/2-1/2"]
[WhiteFideId "2016192"]
[BlackFideId "25006479"]
[WhiteElo "2787"]
[BlackElo "2565"]

1. e4 {[%clk 01:30:53]} {[%emt 00:00:06]} e5 {[%clk 01:30:55]} {[%emt
00:00:06]} 2. Nf3 {[%clk 01:31:15]} {[%emt 00:00:08]} Nc6 {[%clk 01:31:18]}
{[%emt 00:00:06]} 3. Bb5 {[%clk 01:31:42]} {[%emt 00:00:04]} a6 {[%clk
01:31:40]} {[%emt 00:00:08]} 4. Ba4 {[%clk 01:31:58]} {[%emt 00:00:14]} Nf6
{[%clk 01:32:01]} {[%emt 00:00:09]} 5. O-O {[%clk 01:32:17]} {[%emt 00:00:10]}
b5 {[%clk 01:32:23]} {[%emt 00:00:08]} 6. Bb3 {[%clk 01:32:41]} {[%emt
00:00:06]} Bc5 {[%clk 01:32:48]} {[%emt 00:00:05]} 7. d3 {[%clk 01:27:17]}
{[%emt 00:05:54]} d6 {[%clk 01:33:06]} {[%emt 00:00:12]} 8. c3 {[%clk
01:27:37]} {[%emt 00:00:10]} h6 {[%clk 01:30:56]} {[%emt 00:02:40]} 9. Nbd2
{[%clk 01:24:48]} {[%emt 00:03:19]} O-O {[%clk 01:30:43]} {[%emt 00:00:43]} 10.
Re1 {[%clk 01:23:35]} {[%emt 00:01:43]} Re8 {[%clk 01:29:02]} {[%emt 00:02:10]}
11. Nf1 {[%clk 01:19:55]} {[%emt 00:04:09]} Bb6 {[%clk 01:26:44]} {[%emt
00:02:50]} 12. Ng3 {[%clk 01:15:02]} {[%emt 00:05:22]} Na5 {[%clk 01:16:04]}
{[%emt 00:11:10]} 13. Bc2 {[%clk 01:15:15]} {[%emt 00:00:17]} c5 {[%clk
01:16:26]} {[%emt 00:00:09]} 14. h3 {[%clk 01:11:57]} {[%emt 00:03:47]} Nc6
{[%clk 01:15:23]} {[%emt 00:01:33]} 15. Nh4 {[%clk 01:11:31]} {[%emt 00:00:56]}
Kh7 {[%clk 01:00:26]} {[%emt 00:15:27]} 16. Nhf5 {[%clk 01:08:30]} {[%emt
00:03:32]} Ne7 {[%clk 00:51:43]} {[%emt 00:09:12]} 17. Nxe7 {[%clk 01:00:28]}
{[%emt 00:08:32]} Qxe7 {[%clk 00:51:57]} {[%emt 00:00:16]} 18. Be3 {[%clk
01:00:53]} {[%emt 00:00:05]} Kg8 {[%clk 00:46:29]} {[%emt 00:05:59]} 19. f4
{[%clk 00:55:47]} {[%emt 00:05:36]} d5 {[%clk 00:39:26]} {[%emt 00:07:32]} 20.
exd5 {[%clk 00:43:03]} {[%emt 00:13:15]} exf4 {[%clk 00:34:44]} {[%emt
00:05:11]} 21. Bxf4 {[%clk 00:42:34]} {[%emt 00:00:59]} Qxe1+ {[%clk 00:35:09]}
{[%emt 00:00:06]} 22. Qxe1 {[%clk 00:43:01]} {[%emt 00:00:04]} Rxe1+ {[%clk
00:35:35]} {[%emt 00:00:04]} 23. Rxe1 {[%clk 00:43:25]} {[%emt 00:00:06]} Nxd5
{[%clk 00:34:30]} {[%emt 00:01:34]} 24. Re8+ {[%clk 00:43:03]} {[%emt
00:00:53]} Kh7 {[%clk 00:34:59]} {[%emt 00:00:01]} 25. Bd6 {[%clk 00:42:54]}
{[%emt 00:00:38]} g6 {[%clk 00:29:22]} {[%emt 00:06:07]} 26. Ne4 {[%clk
00:27:36]} {[%emt 00:15:48]} c4+ {[%clk 00:29:33]} {[%emt 00:00:19]} 27. Bc5
{[%clk 00:25:31]} {[%emt 00:02:35]} Bb7 {[%clk 00:28:35]} {[%emt 00:01:29]} 28.
Re5 {[%clk 00:25:56]} {[%emt 00:00:05]} cxd3 {[%clk 00:22:00]} {[%emt
00:07:05]} 29. Bxd3 {[%clk 00:25:55]} {[%emt 00:00:30]} Bxc5+ {[%clk 00:22:16]}
{[%emt 00:00:14]} 30. Nxc5 {[%clk 00:26:19]} {[%emt 00:00:06]} Nf4 {[%clk
00:22:41]} {[%emt 00:00:05]} 31. Bf1 {[%clk 00:18:55]} {[%emt 00:07:54]} Bc6
{[%clk 00:22:48]} {[%emt 00:00:22]} 32. Kf2 {[%clk 00:17:24]} {[%emt 00:02:01]}
Kg7 {[%clk 00:22:54]} {[%emt 00:00:25]} 33. g3 {[%clk 00:16:36]} {[%emt
00:01:19]} Nh5 {[%clk 00:23:17]} {[%emt 00:00:06]} 34. Re7 {[%clk 00:15:16]}
{[%emt 00:01:49]} Bd5 {[%clk 00:20:49]} {[%emt 00:02:59]} 35. a3 {[%clk
00:13:45]} {[%emt 00:02:01]} Nf6 {[%clk 00:19:40]} {[%emt 00:01:39]} 36. Be2
{[%clk 00:13:19]} {[%emt 00:00:56]} h5 {[%clk 00:19:48]} {[%emt 00:00:22]} 37.
Bf3 {[%clk 00:12:46]} {[%emt 00:01:03]} Bxf3 {[%clk 00:15:30]} {[%emt
00:04:48]} 38. Kxf3 {[%clk 00:13:15]} {[%emt 00:00:02]} Nd5 {[%clk 00:15:20]}
{[%emt 00:00:39]} 39. Rb7 {[%clk 00:13:35]} {[%emt 00:00:10]} Rc8 {[%clk
00:04:23]} {[%emt 00:11:27]} 40. Nxa6 {[%clk 00:10:43]} {[%emt 00:03:22]} Nxc3
{[%clk 00:04:50]} {[%emt 00:00:04]} 41. Rc7 {[%clk 00:11:09]} {[%emt 00:00:05]}
Ra8 {[%clk 00:04:09]} {[%emt 00:01:10]} 42. Rxc3 {[%clk 00:11:19]} {[%emt
00:00:20]} Rxa6 {[%clk 00:04:38]} {[%emt 00:00:01]} 43. Ke4 {[%clk 00:11:40]}
{[%emt 00:00:08]} Ra4+ {[%clk 00:01:08]} {[%emt 00:04:00]} 44. b4 {[%clk
00:08:10]} {[%emt 00:04:01]} Ra8 {[%clk 00:30:16]} {[%emt 00:01:22]} 45. g4
{[%clk 00:34:18]} {[%emt 00:04:22]} hxg4 {[%clk 00:30:07]} {[%emt 00:00:39]} 46.
hxg4 {[%clk 00:34:47]} f6 {[%clk 00:25:38]} {[%emt 00:04:59]} 47. Kf4 {[%clk
00:33:39]} {[%emt 00:01:38]} Rd8 {[%clk 00:25:11]} {[%emt 00:00:57]} 48. Rc5
{[%clk 00:27:11]} {[%emt 00:06:58]} Rd4+ {[%clk 00:24:38]} {[%emt 00:01:03]} 49.
Kf3 {[%clk 00:27:31]} {[%emt 00:00:10]} Rd3+ {[%clk 00:24:48]} {[%emt
00:00:20]} 50. Kf2 {[%clk 00:27:27]} {[%emt 00:00:35]} Rxa3 {[%clk 00:25:05]}
{[%emt 00:00:13]} 51. Rxb5 {[%clk 00:27:52]} {[%emt 00:00:04]} Rb3 {[%clk
00:25:11]} {[%emt 00:00:24]} 52. Kg2 {[%clk 00:27:43]} {[%emt 00:00:40]} Kf7
{[%clk 00:24:52]} {[%emt 00:00:49]} 53. Rb6 {[%clk 00:26:41]} {[%emt 00:01:32]}
Kg7 {[%clk 00:25:14]} {[%emt 00:00:07]} 54. Rb7+ {[%clk 00:27:00]} {[%emt
00:00:11]} Kh6 {[%clk 00:25:37]} {[%emt 00:00:07]} 55. Rb5 {[%clk 00:27:28]}
{[%emt 00:00:01]} Kg7 {[%clk 00:26:01]} {[%emt 00:00:08]} 56. Rb6 {[%clk
00:27:53]} {[%emt 00:00:05]} Kh6 {[%clk 00:26:25]} {[%emt 00:00:05]} 57. Rxf6
{[%clk 00:27:44]} {[%emt 00:00:39]} Rxb4 {[%clk 00:26:51]} {[%emt 00:00:04]} 58.
Kh3 {[%clk 00:28:10]} {[%emt 00:00:04]} Kg5 {[%clk 00:27:14]} {[%emt 00:00:07]}
59. Ra6 {[%clk 00:28:37]} {[%emt 00:00:03]} Rb3+ {[%clk 00:27:40]} {[%emt
00:00:04]} 60. Kg2 {[%clk 00:29:04]} {[%emt 00:00:03]} Kxg4 {[%clk 00:28:05]}
{[%emt 00:00:05]} 61. Rxg6+ {[%clk 00:29:31]} {[%emt 00:00:03]} Kf5 {[%clk
00:28:27]} {[%emt 00:00:09]} 62. Rg3 {[%clk 00:29:59]} {[%emt 00:00:02]} Rxg3+
{[%clk 00:28:53]} {[%emt 00:00:05]} 63. Kxg3 {[%emt 00:00:03]} 1/2-1/2

[Event "World Cup 2023 Open"]
[Site "Baku, Azerbaijan"]
[Date "2023.08.02"]
[Round "11.3"]
[White "Mchedlishvili Mikheil (GEO)"]
[Black "Caruana Fabiano (USA)"]
[Result "0-1"]
[WhiteFideId "13600966"]
[BlackFideId "2020009"]
[WhiteElo "2561"]
[BlackElo "2782"]

1. d4 {[%clk 01:30:54]} {[%emt 00:00:04]} Nf6 {[%clk 01:30:55]} {[%emt
00:00:05]} 2. Bf4 {[%clk 01:31:02]} {[%emt 00:00:22]} d5 {[%clk 01:30:50]}
{[%emt 00:00:36]} 3. Nf3 {[%clk 01:30:59]} {[%emt 00:00:33]} e6 {[%clk
01:30:33]} {[%emt 00:00:47]} 4. e3 {[%clk 01:30:56]} {[%emt 00:00:32]} c5
{[%clk 01:30:52]} {[%emt 00:00:12]} 5. Nbd2 {[%clk 01:30:26]} {[%emt 00:00:59]}
Nc6 {[%clk 01:30:44]} {[%emt 00:00:39]} 6. c3 {[%clk 01:30:03]} {[%emt
00:00:53]} cxd4 {[%clk 01:30:56]} {[%emt 00:00:18]} 7. exd4 {[%clk 01:29:17]}
{[%emt 00:01:15]} Nh5 {[%clk 01:31:14]} {[%emt 00:00:12]} 8. Be3 {[%clk
01:27:25]} {[%emt 00:02:22]} Bd6 {[%clk 01:31:00]} {[%emt 00:00:46]} 9. Ne5
{[%clk 01:25:57]} {[%emt 00:01:56]} Nf6 {[%clk 01:30:58]} {[%emt 00:00:33]} 10.
f4 {[%clk 01:19:40]} {[%emt 00:06:47]} Qb6 {[%clk 01:30:28]} {[%emt 00:01:00]}
11. Qb3 {[%clk 01:15:24]} {[%emt 00:04:46]} Ng8 {[%clk 01:29:41]} {[%emt
00:01:17]} 12. Bd3 {[%clk 01:08:34]} {[%emt 00:07:20]} Nh6 {[%clk 01:28:59]}
{[%emt 00:01:12]} 13. Qxb6 {[%clk 01:00:25]} {[%emt 00:08:39]} axb6 {[%clk
01:28:53]} {[%emt 00:00:36]} 14. g3 {[%clk 00:59:36]} {[%emt 00:01:18]} f6
{[%clk 01:28:15]} {[%emt 00:01:08]} 15. Nef3 {[%clk 00:59:41]} {[%emt
00:00:25]} Bd7 {[%clk 01:27:19]} {[%emt 00:01:28]} 16. a3 {[%clk 00:53:43]}
{[%emt 00:06:27]} O-O {[%clk 01:18:10]} {[%emt 00:09:39]} 17. O-O-O {[%clk
00:45:34]} {[%emt 00:08:38]} Na5 {[%clk 01:15:54]} {[%emt 00:02:46]} 18. Ne1
{[%clk 00:44:29]} {[%emt 00:01:34]} b5 {[%clk 01:15:05]} {[%emt 00:01:20]} 19.
Nc2 {[%clk 00:43:54]} {[%emt 00:01:04]} Nc4 {[%clk 01:14:31]} {[%emt 00:01:05]}
20. Rhe1 {[%clk 00:43:01]} {[%emt 00:01:23]} Be8 {[%clk 01:11:18]} {[%emt
00:03:43]} 21. Nb3 {[%clk 00:39:21]} {[%emt 00:04:09]} b6 {[%clk 01:07:26]}
{[%emt 00:04:23]} 22. Bg1 {[%clk 00:38:47]} {[%emt 00:01:04]} Bf7 {[%clk
01:06:17]} {[%emt 00:01:39]} 23. Kb1 {[%clk 00:38:03]} {[%emt 00:01:13]} Rfe8
{[%clk 01:04:28]} {[%emt 00:02:20]} 24. Nc1 {[%clk 00:36:29]} {[%emt 00:02:03]}
Nf5 {[%clk 01:01:16]} {[%emt 00:03:42]} 25. Bf2 {[%clk 00:34:40]} {[%emt
00:02:19]} Bf8 {[%clk 00:57:17]} {[%emt 00:04:30]} 26. Bxf5 {[%clk 00:18:59]}
{[%emt 00:16:11]} exf5 {[%clk 00:56:53]} {[%emt 00:00:54]} 27. Nb3 {[%clk
00:19:24]} {[%emt 00:00:04]} g5 {[%clk 00:52:06]} {[%emt 00:05:18]} 28. Ne3
{[%clk 00:08:13]} {[%emt 00:11:41]} Bh5 {[%clk 00:50:25]} {[%emt 00:02:11]} 29.
Rc1 {[%clk 00:07:48]} {[%emt 00:00:54]} Bf3 {[%clk 00:50:24]} {[%emt 00:00:32]}
30. Nxc4 {[%clk 00:05:37]} {[%emt 00:02:42]} bxc4 {[%clk 00:50:08]} {[%emt
00:00:45]} 31. Nd2 {[%clk 00:06:00]} {[%emt 00:00:06]} Be2 {[%clk 00:48:46]}
{[%emt 00:01:53]} 32. Nf1 {[%clk 00:05:59]} {[%emt 00:00:30]} gxf4 {[%clk
00:36:55]} {[%emt 00:12:22]} 33. gxf4 {[%clk 00:06:11]} {[%emt 00:00:17]} Bd6
{[%clk 00:37:21]} {[%emt 00:00:05]} 34. Bg3 {[%clk 00:01:20]} {[%emt 00:05:21]}
Kf7 {[%clk 00:37:02]} {[%emt 00:00:49]} 35. Nd2 {[%clk 00:01:01]} {[%emt
00:00:48]} b5 {[%clk 00:36:40]} {[%emt 00:00:53]} 36. Ka2 {[%clk 00:01:01]}
{[%emt 00:00:29]} h5 {[%clk 00:35:35]} {[%emt 00:01:34]} 37. Nb1 {[%clk
00:00:46]} {[%emt 00:00:45]} h4 {[%clk 00:34:53]} {[%emt 00:01:12]} 38. Bxh4
{[%clk 00:01:02]} {[%emt 00:00:13]} Bxf4 {[%clk 00:35:19]} {[%emt 00:00:05]} 39.
Rc2 {[%clk 00:01:22]} {[%emt 00:00:09]} Bd3 {[%clk 00:35:44]} {[%emt 00:00:05]}
0-1

[Event "World Cup 2023 Open"]
[Site "Baku, Azerbaijan"]
[Date "2023.08.02"]
[Round "11.4"]
[White "Nepomniachtchi Ian (FID)"]
[Black "Asadli Vugar (AZE)"]
[Result "1-0"]
[WhiteFideId "4168119"]
[BlackFideId "13405764"]
[WhiteElo "2779"]
[BlackElo "2567"]

1. e4 {[%clk 01:30:52]} {[%emt 00:00:06]} e5 {[%clk 01:30:48]} {[%emt
00:00:14]} 2. Nf3 {[%clk 01:31:15]} {[%emt 00:00:06]} Nf6 {[%clk 01:31:11]}
{[%emt 00:00:08]} 3. d4 {[%clk 01:29:33]} {[%emt 00:02:11]} Nxe4 {[%clk
01:31:16]} {[%emt 00:00:24]} 4. Bd3 {[%clk 01:29:57]} {[%emt 00:00:06]} d5
{[%clk 01:31:16]} {[%emt 00:00:31]} 5. Nxe5 {[%clk 01:30:20]} {[%emt 00:00:06]}
Nd7 {[%clk 01:29:08]} {[%emt 00:02:39]} 6. Nc3 {[%clk 01:30:38]} {[%emt
00:00:12]} Nxe5 {[%clk 01:25:42]} {[%emt 00:03:57]} 7. dxe5 {[%clk 01:30:35]}
{[%emt 00:00:33]} Nxc3 {[%clk 01:26:08]} {[%emt 00:00:04]} 8. bxc3 {[%clk
01:30:59]} {[%emt 00:00:06]} Bc5 {[%clk 01:26:36]} {[%emt 00:00:03]} 9. Qh5
{[%clk 01:29:11]} {[%emt 00:02:17]} Be6 {[%clk 01:26:04]} {[%emt 00:01:02]} 10.
O-O {[%clk 01:28:40]} {[%emt 00:01:00]} Qd7 {[%clk 01:22:55]} {[%emt 00:03:40]}
11. Bg5 {[%clk 01:26:24]} {[%emt 00:02:45]} h6 {[%clk 01:14:12]} {[%emt
00:09:14]} 12. Rab1 {[%clk 01:14:01]} {[%emt 00:12:54]} Rg8 {[%clk 01:06:08]}
{[%emt 00:08:34]} 13. Bd2 {[%clk 01:12:43]} {[%emt 00:01:47]} O-O-O {[%clk
01:04:22]} {[%emt 00:02:15]} 14. Rb5 {[%clk 01:12:35]} {[%emt 00:00:39]} Bb6
{[%clk 01:01:05]} {[%emt 00:03:48]} 15. Rfb1 {[%clk 01:10:20]} {[%emt
00:02:44]} Bg4 {[%clk 00:46:45]} {[%emt 00:14:50]} 16. Qh4 {[%clk 01:09:32]}
{[%emt 00:01:18]} g5 {[%clk 00:44:08]} {[%emt 00:03:07]} 17. Qxh6 {[%clk
01:06:19]} {[%emt 00:03:43]} Qe7 {[%clk 00:40:08]} {[%emt 00:04:30]} 18. Re1
{[%clk 00:59:06]} {[%emt 00:07:43]} Be6 {[%clk 00:36:50]} {[%emt 00:03:48]} 19.
a4 {[%clk 00:57:47]} {[%emt 00:01:49]} c6 {[%clk 00:32:58]} {[%emt 00:04:22]}
20. Rb3 {[%clk 00:53:29]} {[%emt 00:04:47]} Rde8 {[%clk 00:30:43]} {[%emt
00:02:46]} 21. Reb1 {[%clk 00:52:10]} {[%emt 00:01:49]} Bd8 {[%clk 00:19:10]}
{[%emt 00:12:03]} 22. Qh5 {[%clk 00:49:14]} {[%emt 00:03:26]} g4 {[%clk
00:19:37]} {[%emt 00:00:04]} 23. Rxb7 {[%clk 00:46:16]} {[%emt 00:03:28]} Qxb7
{[%clk 00:20:02]} {[%emt 00:00:05]} 24. Rxb7 {[%clk 00:46:42]} {[%emt
00:00:04]} Kxb7 {[%clk 00:20:29]} {[%emt 00:00:03]} 25. Bf5 {[%clk 00:46:57]}
{[%emt 00:00:15]} Bc7 {[%clk 00:19:20]} {[%emt 00:01:40]} 26. Bxe6 {[%clk
00:43:57]} {[%emt 00:03:30]} Rxe6 {[%clk 00:19:46]} {[%emt 00:00:03]} 27. Qxf7
{[%clk 00:41:26]} {[%emt 00:03:01]} Rge8 {[%clk 00:20:15]} 28. g3 {[%clk
00:38:07]} {[%emt 00:03:49]} Rxe5 {[%clk 00:19:45]} {[%emt 00:01:01]} 29. Bg5
{[%clk 00:35:47]} {[%emt 00:02:49]} Kc8 {[%clk 00:15:45]} {[%emt 00:04:30]} 30.
Be3 {[%clk 00:34:02]} {[%emt 00:02:16]} a5 {[%clk 00:15:45]} {[%emt 00:00:29]}
31. Qg6 {[%clk 00:33:54]} {[%emt 00:00:37]} 1-0

[Event "World Cup 2023 Open"]
[Site "Baku, Azerbaijan"]
[Date "2023.08.02"]
[Round "11.5"]
[White "Nesterov Arseniy (FID)"]
[Black "Giri Anish (NED)"]
[Result "1/2-1/2"]
[WhiteFideId "24198455"]
[BlackFideId "24116068"]
[WhiteElo "2554"]
[BlackElo "2775"]

1. d4 {[%clk 01:30:56]} {[%emt 00:00:03]} Nf6 {[%clk 01:30:53]} {[%emt
00:00:07]} 2. c4 {[%clk 01:31:19]} {[%emt 00:00:07]} e6 {[%clk 01:31:19]}
{[%emt 00:00:04]} 3. g3 {[%clk 01:31:42]} {[%emt 00:00:07]} Bb4+ {[%clk
01:30:49]} {[%emt 00:01:01]} 4. Nd2 {[%clk 01:32:02]} {[%emt 00:00:10]} d5
{[%clk 01:30:13]} {[%emt 00:01:06]} 5. Bg2 {[%clk 01:32:24]} {[%emt 00:00:07]}
O-O {[%clk 01:30:39]} {[%emt 00:00:04]} 6. Ngf3 {[%clk 01:32:47]} {[%emt
00:00:06]} b6 {[%clk 01:30:52]} {[%emt 00:00:18]} 7. O-O {[%clk 01:33:07]}
{[%emt 00:00:10]} Bb7 {[%clk 01:31:17]} {[%emt 00:00:03]} 8. b3 {[%clk
01:30:21]} {[%emt 00:03:18]} Re8 {[%clk 01:30:32]} {[%emt 00:01:15]} 9. Bb2
{[%clk 01:30:16]} {[%emt 00:00:35]} a5 {[%clk 01:30:58]} {[%emt 00:00:04]} 10.
Qc2 {[%clk 01:20:36]} {[%emt 00:10:09]} a4 {[%clk 01:22:39]} {[%emt 00:08:50]}
11. Bc3 {[%clk 01:13:55]} {[%emt 00:07:11]} Nc6 {[%clk 01:08:12]} {[%emt
00:14:57]} 12. Ne5 {[%clk 01:04:34]} {[%emt 00:09:51]} Nxe5 {[%clk 00:53:21]}
{[%emt 00:15:22]} 13. dxe5 {[%clk 00:57:58]} {[%emt 00:07:06]} Bxc3 {[%clk
00:51:39]} {[%emt 00:02:12]} 14. Qxc3 {[%clk 00:58:23]} {[%emt 00:00:04]} Nd7
{[%clk 00:51:59]} {[%emt 00:00:10]} 15. f4 {[%clk 00:49:31]} {[%emt 00:09:22]}
f6 {[%clk 00:44:59]} {[%emt 00:07:30]} 16. Nf3 {[%clk 00:39:51]} {[%emt
00:10:10]} c5 {[%clk 00:31:24]} {[%emt 00:14:06]} 17. e3 {[%clk 00:26:47]}
{[%emt 00:13:34]} axb3 {[%clk 00:26:05]} {[%emt 00:05:49]} 18. axb3 {[%clk
00:27:02]} {[%emt 00:00:14]} Rxa1 {[%clk 00:20:38]} {[%emt 00:05:57]} 19. Rxa1
{[%clk 00:26:51]} {[%emt 00:00:41]} dxc4 {[%clk 00:20:59]} {[%emt 00:00:09]} 20.
bxc4 {[%clk 00:23:22]} {[%emt 00:03:59]} Bxf3 {[%clk 00:19:21]} {[%emt
00:02:09]} 21. Bxf3 {[%clk 00:23:42]} {[%emt 00:00:10]} fxe5 {[%clk 00:19:48]}
{[%emt 00:00:02]} 22. Bc6 {[%clk 00:18:57]} {[%emt 00:05:14]} Qc7 {[%clk
00:19:47]} {[%emt 00:00:32]} 23. Bxd7 {[%clk 00:19:18]} {[%emt 00:00:10]} Qxd7
{[%clk 00:20:14]} {[%emt 00:00:02]} 24. Qxe5 {[%clk 00:19:39]} {[%emt
00:00:09]} h6 {[%clk 00:14:29]} {[%emt 00:06:15]} 25. Kg2 {[%clk 00:19:30]}
{[%emt 00:00:39]} Qd3 {[%clk 00:09:51]} {[%emt 00:05:07]} 26. Ra7 {[%clk
00:19:29]} {[%emt 00:00:33]} Qc2+ {[%clk 00:10:09]} {[%emt 00:00:12]} 27. Kf3
{[%clk 00:19:14]} {[%emt 00:00:43]} Qd1+ {[%clk 00:10:32]} {[%emt 00:00:08]} 28.
Kg2 {[%clk 00:19:32]} {[%emt 00:00:13]} Qc2+ {[%clk 00:10:58]} {[%emt
00:00:03]} 29. Kf3 {[%clk 00:19:55]} {[%emt 00:00:08]} Qd1+ {[%clk 00:11:23]}
{[%emt 00:00:05]} 30. Kg2 {[%clk 00:20:19]} {[%emt 00:00:06]} Qc2+ {[%clk
00:10:54]} {[%emt 00:00:14]} 1/2-1/2

[Event "World Cup 2023 Open"]
[Site "Baku, Azerbaijan"]
[Date "2023.08.02"]
[Round "11.6"]
[White "So Wesley (USA)"]
[Black "Can Emre (TUR)"]
[Result "1/2-1/2"]
[WhiteFideId "5202213"]
[BlackFideId "6302181"]
[WhiteElo "2769"]
[BlackElo "2570"]

1. e4 {[%clk 01:30:51]} {[%emt 00:00:08]} c5 {[%clk 01:30:32]} {[%emt
00:00:28]} 2. Nf3 {[%clk 01:31:02]} {[%emt 00:00:19]} d6 {[%clk 01:30:44]}
{[%emt 00:00:19]} 3. Bb5+ {[%clk 01:31:18]} {[%emt 00:00:14]} Nd7 {[%clk
01:30:19]} {[%emt 00:00:54]} 4. a4 {[%clk 01:30:55]} {[%emt 00:00:54]} Ngf6
{[%clk 01:28:49]} {[%emt 00:02:00]} 5. Nc3 {[%clk 01:31:15]} {[%emt 00:00:10]}
a6 {[%clk 01:28:43]} {[%emt 00:00:36]} 6. Be2 {[%clk 01:30:33]} {[%emt
00:01:12]} b6 {[%clk 01:26:14]} {[%emt 00:02:58]} 7. d4 {[%clk 01:30:27]}
{[%emt 00:00:36]} cxd4 {[%clk 01:26:34]} {[%emt 00:00:10]} 8. Qxd4 {[%clk
01:30:52]} {[%emt 00:00:06]} Bb7 {[%clk 01:25:15]} {[%emt 00:01:49]} 9. O-O
{[%clk 01:30:56]} {[%emt 00:00:26]} e5 {[%clk 01:25:30]} {[%emt 00:00:16]} 10.
Qe3 {[%clk 01:31:00]} {[%emt 00:00:26]} Be7 {[%clk 01:25:41]} {[%emt 00:00:18]}
11. Rd1 {[%clk 01:14:05]} {[%emt 00:17:25]} O-O {[%clk 01:24:56]} {[%emt
00:01:15]} 12. Bc4 {[%clk 01:04:10]} {[%emt 00:10:26]} b5 {[%clk 01:11:03]}
{[%emt 00:14:23]} 13. axb5 {[%clk 00:59:21]} {[%emt 00:05:19]} axb5 {[%clk
01:11:19]} {[%emt 00:00:14]} 14. Rxa8 {[%clk 00:59:46]} {[%emt 00:00:05]} Qxa8
{[%clk 01:11:39]} {[%emt 00:00:10]} 15. Nxb5 {[%clk 00:56:59]} {[%emt
00:03:17]} Nxe4 {[%clk 01:02:12]} {[%emt 00:09:56]} 16. Qb3 {[%clk 00:32:50]}
{[%emt 00:24:39]} Bc6 {[%clk 00:38:11]} {[%emt 00:24:31]} 17. Be3 {[%clk
00:27:14]} {[%emt 00:06:06]} Nec5 {[%clk 00:33:49]} {[%emt 00:04:51]} 18. Bxc5
{[%clk 00:26:44]} {[%emt 00:01:01]} Nxc5 {[%clk 00:33:48]} {[%emt 00:00:31]} 19.
Qa3 {[%clk 00:21:58]} {[%emt 00:05:17]} Qxa3 {[%clk 00:28:48]} {[%emt
00:05:30]} 20. bxa3 {[%clk 00:21:10]} {[%emt 00:01:18]} Rb8 {[%clk 00:19:59]}
{[%emt 00:09:19]} 21. Nc3 {[%clk 00:20:58]} {[%emt 00:00:42]} Rb2 {[%clk
00:13:15]} {[%emt 00:07:13]} 22. Ne1 {[%clk 00:20:20]} {[%emt 00:01:08]} Na4
{[%clk 00:10:44]} {[%emt 00:03:01]} 23. Nxa4 {[%clk 00:15:14]} {[%emt
00:05:36]} Bxa4 {[%clk 00:11:12]} {[%emt 00:00:02]} 24. Kf1 {[%clk 00:15:38]}
{[%emt 00:00:05]} Kf8 {[%clk 00:09:27]} {[%emt 00:02:15]} 25. Rd5 {[%clk
00:14:48]} {[%emt 00:01:20]} Bc6 {[%clk 00:08:33]} {[%emt 00:01:23]} 26. Rd1
{[%clk 00:14:54]} {[%emt 00:00:25]} Ba4 {[%clk 00:06:46]} {[%emt 00:02:17]} 27.
Rd5 {[%clk 00:15:18]} {[%emt 00:00:06]} Bc6 {[%clk 00:06:23]} {[%emt 00:00:52]}
28. Rd1 {[%clk 00:15:43]} {[%emt 00:00:05]} Ba4 {[%emt 00:02:39]} 29. Rd5
{[%emt 00:00:30]} 1/2-1/2

[Event "World Cup 2023 Open"]
[Site "Baku, Azerbaijan"]
[Date "2023.08.02"]
[Round "11.7"]
[White "Erdos Viktor (HUN)"]
[Black "Radjabov Teimour (AZE)"]
[Result "1/2-1/2"]
[WhiteFideId "719978"]
[BlackFideId "13400924"]
[WhiteElo "2571"]
[BlackElo "2747"]

1. e4 {[%clk 01:30:56]} {[%emt 00:00:02]} e5 {[%clk 01:30:52]} {[%emt
00:00:09]} 2. Nf3 {[%clk 01:31:19]} {[%emt 00:00:07]} Nf6 {[%clk 01:31:18]}
{[%emt 00:00:04]} 3. Nxe5 {[%clk 01:16:28]} {[%emt 00:15:22]} d6 {[%clk
01:31:28]} {[%emt 00:00:20]} 4. Nf3 {[%clk 01:16:52]} {[%emt 00:00:04]} Nxe4
{[%clk 01:31:48]} {[%emt 00:00:11]} 5. c4 {[%clk 01:15:31]} {[%emt 00:01:52]}
Be7 {[%clk 01:31:45]} {[%emt 00:00:33]} 6. Nc3 {[%clk 01:07:51]} {[%emt
00:08:10]} Nxc3 {[%clk 01:22:25]} {[%emt 00:09:50]} 7. dxc3 {[%clk 01:07:47]}
{[%emt 00:00:33]} Nc6 {[%clk 01:22:48]} {[%emt 00:00:08]} 8. Be3 {[%clk
00:58:43]} {[%emt 00:09:33]} Bf5 {[%clk 01:18:26]} {[%emt 00:04:52]} 9. Bd3
{[%clk 00:58:53]} {[%emt 00:00:20]} Qd7 {[%clk 01:17:50]} {[%emt 00:01:07]} 10.
O-O {[%clk 00:56:47]} {[%emt 00:02:35]} O-O {[%clk 01:16:09]} {[%emt 00:02:12]}
11. Qc2 {[%clk 00:48:55]} {[%emt 00:08:21]} Bxd3 {[%clk 01:08:58]} {[%emt
00:07:42]} 12. Qxd3 {[%clk 00:49:17]} {[%emt 00:00:08]} Rad8 {[%clk 01:09:21]}
{[%emt 00:00:08]} 13. Rad1 {[%clk 00:49:39]} {[%emt 00:00:07]} Rfe8 {[%clk
01:08:28]} {[%emt 00:01:24]} 14. h3 {[%emt 00:05:22]} h6 {[%clk 01:04:12]}
{[%emt 00:04:20]} 15. Qd5 {[%clk 00:43:14]} {[%emt 00:02:30]} Bf6 {[%clk
00:54:23]} {[%emt 00:10:19]} 16. c5 {[%clk 00:35:32]} {[%emt 00:08:12]} Qc8
{[%clk 00:49:59]} {[%emt 00:04:54]} 17. cxd6 {[%clk 00:30:37]} {[%emt
00:05:25]} Rxd6 {[%clk 00:50:24]} {[%emt 00:00:05]} 18. Qb3 {[%clk 00:30:52]}
{[%emt 00:00:16]} Rde6 {[%clk 00:45:00]} {[%emt 00:05:53]} 19. Rfe1 {[%clk
00:21:55]} {[%emt 00:09:26]} b6 {[%clk 00:40:03]} {[%emt 00:05:28]} 20. Bf4
{[%clk 00:18:35]} {[%emt 00:03:49]} Rxe1+ {[%clk 00:32:36]} {[%emt 00:07:58]}
21. Rxe1 {[%clk 00:19:01]} {[%emt 00:00:04]} Rxe1+ {[%clk 00:28:51]} {[%emt
00:04:15]} 22. Nxe1 {[%clk 00:19:28]} {[%emt 00:00:02]} Ne7 {[%clk 00:27:18]}
{[%emt 00:02:03]} 23. Nf3 {[%clk 00:18:38]} {[%emt 00:01:20]} c5 {[%clk
00:26:45]} {[%emt 00:01:03]} 24. Qd1 {[%clk 00:10:39]} {[%emt 00:08:28]} Qf5
{[%clk 00:23:34]} {[%emt 00:03:43]} 25. Bd6 {[%clk 00:09:07]} {[%emt 00:02:01]}
Qd7 {[%clk 00:20:01]} {[%emt 00:04:03]} 26. Qd2 {[%clk 00:08:58]} {[%emt
00:00:39]} Nc6 {[%clk 00:16:52]} {[%emt 00:03:39]} 27. Bf4 {[%clk 00:08:19]}
{[%emt 00:01:09]} Qf5 {[%clk 00:13:14]} {[%emt 00:04:08]} 28. Kh2 {[%clk
00:07:36]} {[%emt 00:01:13]} Ne5 {[%emt 00:07:57]} 29. Nxe5 {[%clk 00:07:50]}
{[%emt 00:00:03]} Bxe5 30. Bxe5 {[%emt 00:00:09]} Qxe5+ {[%emt 00:00:05]} 31.
g3 {[%emt 00:00:01]} 1/2-1/2